| 000 | 00420nam a2200133Ia 4500 | ||
|---|---|---|---|
| 008 | 170516s9999 xx 000 0 und d | ||
| 245 | 4 | _aThe effect of whole body gamma irradiation on nitric oxide pathway of rat’s aorta | |
| 260 | _bJournal of Radiobiology | ||
| 260 | _c2014 | ||
| 300 | _a1:1 | ||
| 650 | _xRadiologic Technology | ||
| 650 | _xRadtech | ||
| 856 | _uhttp://nikanrescorp.com/index.php/JRB/issue/view/4 | ||
| 999 |
_c332884 _d332884 |
||